Функциональные свойства моно- и поликристаллов высокотемпературного сплава Ni50,3Ti32,2Hf17,5; Перспективы развития фундаментальных наук; Т. 1 : Физика

Bibliografiska uppgifter
Parent link:Перспективы развития фундаментальных наук=Prospects of Fundamental Sciences Development: сборник научных трудов XIV Международной конференции студентов, аспирантов и молодых ученых, г. Томск, 25-28 апреля 2017 г./ Национальный исследовательский Томский политехнический университет (ТПУ) ; под ред. И. А. Курзиной, Г. А. Вороновой.— , 2017
Т. 1 : Физика.— 2017.— [С. 342-344]
Huvudupphovsman: Тагильцев А. И.
Övriga upphovsmän: Ларченкова Н. Г. (научный руководитель), Панченко Е. Ю., Чумляков Ю. И.
Sammanfattning:Заглавие с экрана
Thermoelastic martensitic transformations were investigated in single crystals and polycrystals of high-temperature Ni50,3Ti32,2Hf17,5 alloy. It was shown, that functional properties, such as strain, thermal hysteresis, characteristic temperatures, superelasticity are different in single crystals and polycrystals. The inner microstructure provides either low characteristic temperature, decreasing hysteresis, difficult generation and easy growth of martensite in single crystals or high characteristic temperatures, increasing hysteresis, easy generation and difficult growth of martensite in polycrystals. Besides, it was suggested, that large coefficient α, that characterizes the growth of stress with the increase of temperature Ms, in combination with wide thermal hysteresis result in the absence of superelasticity in polycrystals.
Språk:ryska
Publicerad: 2017
Ämnen:
Länkar:http://earchive.tpu.ru/handle/11683/44184
Materialtyp: MixedMaterials Elektronisk Bokavsnitt
KOHA link:https://koha.lib.tpu.ru/cgi-bin/koha/opac-detail.pl?biblionumber=624425

MARC

LEADER 00000naa2a2200000 4500
001 624425
005 20231101133319.0
035 |a (RuTPU)RU\TPU\conf\23685 
035 |a RU\TPU\conf\23683 
090 |a 624425 
100 |a 20171122d2017 k y0rusy50 ca 
101 0 |a rus  |d eng 
102 |a RU 
105 |a y z 100zy 
135 |a drcn ---uucaa 
181 0 |a i  
182 0 |a b 
200 1 |a Функциональные свойства моно- и поликристаллов высокотемпературного сплава Ni50,3Ti32,2Hf17,5  |d Functional properties in single- and polycrystals of high-temperature Ni50,3Ti32,2Hf17,5 alloy  |f А. И. Тагильцев, Н. Г. Ларченкова  |g науч. рук. Е. Ю. Панченко, Ю. И. Чумляков 
203 |a Текст  |c электронный 
230 |a 1 компьютерный файл (pdf; 320 Kb) 
300 |a Заглавие с экрана 
320 |a [Библиогр.: с. 344 (4 назв.)] 
330 |a Thermoelastic martensitic transformations were investigated in single crystals and polycrystals of high-temperature Ni50,3Ti32,2Hf17,5 alloy. It was shown, that functional properties, such as strain, thermal hysteresis, characteristic temperatures, superelasticity are different in single crystals and polycrystals. The inner microstructure provides either low characteristic temperature, decreasing hysteresis, difficult generation and easy growth of martensite in single crystals or high characteristic temperatures, increasing hysteresis, easy generation and difficult growth of martensite in polycrystals. Besides, it was suggested, that large coefficient α, that characterizes the growth of stress with the increase of temperature Ms, in combination with wide thermal hysteresis result in the absence of superelasticity in polycrystals. 
461 1 |0 (RuTPU)RU\TPU\conf\21388  |t Перспективы развития фундаментальных наук  |l Prospects of Fundamental Sciences Development  |o сборник научных трудов XIV Международной конференции студентов, аспирантов и молодых ученых, г. Томск, 25-28 апреля 2017 г.  |o в 7 т.  |f Национальный исследовательский Томский политехнический университет (ТПУ) ; под ред. И. А. Курзиной, Г. А. Вороновой  |d 2017 
463 1 |0 (RuTPU)RU\TPU\conf\21389  |t Т. 1 : Физика  |v [С. 342-344]  |d 2017 
510 1 |a Functional properties in single- and polycrystals of high-temperature Ni50,3Ti32,2Hf17,5 alloy  |z eng 
610 1 |a электронный ресурс 
610 1 |a структурно-неоднородные материалы 
610 1 |a сплавы 
610 1 |a материаловедение 
610 1 |a напряжение 
610 1 |a авиакосмическая техника 
700 1 |a Тагильцев  |b А. И. 
701 1 |a Ларченкова  |b Н. Г. 
702 1 |a Панченко  |b Е. Ю.  |4 727 
702 1 |a Чумляков  |b Ю. И.  |4 727 
801 2 |a RU  |b 63413507  |c 20171204  |g RCR 
856 4 |u http://earchive.tpu.ru/handle/11683/44184 
942 |c BK